000 00427nab a2200145Ia 4500
003 ES-SlBCS
005 20210601124311.0
008 140529s1981 xxu||||| |||| 00| 0 eng d
041 _aeng
100 1 _aMcclellan, James E.
_9139388
245 0 0 _aResponse to Jane Martin
_c James E. Mcclellan
650 0 4 _aPersona Educada
_9139389
773 0 _tEducational Theory
_gvol. 31, nº. 2, 1981, págs. 111-114
_wRev1399
942 _cAR
999 _c512546
_d512546